World shrimp culture

Enregistré dans:
Détails bibliographiques
Format: Livre
Langue:Undetermined
Publié: Maryland National Marine fisheries service 1992
Sujets:
Tags: Ajouter un tag
Pas de tags, Soyez le premier à ajouter un tag!
Thư viện lưu trữ: Trung tâm Học liệu Trường Đại học Cần Thơ
LEADER 00456nam a2200157Ia 4500
001 CTU_150682
008 210402s9999 xx 000 0 und d
082 |a 639.63 
082 |b W927/Vol.1 
245 0 |a World shrimp culture 
260 |a Maryland 
260 |b National Marine fisheries service 
260 |c 1992 
650 |a Aquaculture,Nuôi trồng thủy sản 
904 |i Trọng Hải 
980 |a Trung tâm Học liệu Trường Đại học Cần Thơ